Central Library OPAC University of Rajshahi

ব্যবহারিক কৃত্রিম প্রজনন / (Record no. 47671)

MARC details
000 -LEADER
fixed length control field 00900nam a22002417a 4500
001 - CONTROL NUMBER
control field 47671
003 - CONTROL NUMBER IDENTIFIER
rucl marc code BD-RjUL
005 - DATE AND TIME OF LATEST TRANSACTION
control field 20211209054351.0
008 - FIXED-LENGTH DATA ELEMENTS--GENERAL INFORMATION
fixed length control field 160810s1985 bg ||||| |||| 00| 0 ben d
020 ## - INTERNATIONAL STANDARD BOOK NUMBER
Terms of availability : TK 25.00
035 ## - SYSTEM CONTROL NUMBER
System control number (BD-RjUL)47790
040 ## - CATALOGING SOURCE
Original cataloging agency BD-RjUL
Language of cataloging ben
Transcribing agency BD-RjUL
041 ## - LANGUAGE CODE
Language code of text/sound track or separate title ben
082 ## - DEWEY DECIMAL CLASSIFICATION NUMBER
Edition number 23
Classification number 636.082
Author mark and year HOB 1985
100 ## - MAIN ENTRY--PERSONAL NAME
Personal name হোসেন, সৈয়দ সাখাওয়াত
9 (RLIN) 144848
245 1# - TITLE STATEMENT
Title ব্যবহারিক কৃত্রিম প্রজনন /
Statement of responsibility, etc. সৈয়দ সাখাওয়াত হোসেন
260 ## - PUBLICATION, DISTRIBUTION, ETC. (IMPRINT)
Place of publication, distribution, etc. ঢাকা :
Name of publisher, distributor, etc. বাংলা একাডেমী,
Date of publication, distribution, etc. ১৯৮৫
300 ## - PHYSICAL DESCRIPTION
Pagination ৬১ পৃ. :
Illustrations চিত্র ;
Size ২১ সেমি.
650 ## - SUBJECT ADDED ENTRY--TOPICAL TERM
Topical term or geographic name as entry element প্রজনন
9 (RLIN) 144849
Topical term or geographic name as entry element Breeding
9 (RLIN) 117736
700 ## - ADDED ENTRY--PERSONAL NAME
Personal name মোস্তফা, গোলাম
942 ## - ADDED ENTRY ELEMENTS (KOHA)
Source of classification or shelving scheme Dewey Decimal Classification
Koha item type Books
Holdings
Lost status Source of classification or shelving scheme Damaged status Not for loan Collection code Permanent Location Current Location Shelving location Date acquired Source of acquisition Cost, normal purchase price Total Checkouts Full call number Date last seen Copy number Koha item type
  Dewey Decimal Classification     Non-fiction Central Library, University of Rajshahi Central Library, University of Rajshahi   26/10/1987 Bangla Academy, Dhaka 25.00   B 636.082 HOB 1985 10/08/2016 C-2 Books
  Dewey Decimal Classification     Non-fiction Central Library, University of Rajshahi Central Library, University of Rajshahi   26/10/1987 Bangla Academy, Dhaka 25.00   B 636.082 HOB 1985 10/08/2016 C-3 Books
  Dewey Decimal Classification     Non-fiction Central Library, University of Rajshahi Central Library, University of Rajshahi   26/10/1987 Bangla Academy, Dhaka 25.00   B 636.082 HOB 1985 10/08/2016 C-4 Books
  Dewey Decimal Classification   Not For Loan Non-fiction Central Library, University of Rajshahi Central Library, University of Rajshahi Reading Room 26/10/1987 Dhaka, Bangla Academy 25.00   B 636.082 HOB 1985 22/04/2017 C-1 Books